- Cheever, John
Entry Personal Name
001 - CONTROL NUMBER
- control field: 153618
003 - CONTROL NUMBER IDENTIFIER
- control field: DLC
005 - DATE AND TIME OF LATEST TRANSACTION
- control field: 20260413161541.0
008 - FIXED-LENGTH DATA ELEMENTS
- fixed length control field: 781130n| azannaabn |a aaa
010 ## - LIBRARY OF CONGRESS CONTROL NUMBER
- LC control number: n 78089819
024 7# - OTHER STANDARD IDENTIFIER
- Standard number or code: http://dbpedia.org/resource/John_Cheever
- Source of number or code: uri
024 7# - OTHER STANDARD IDENTIFIER
- Standard number or code: 0000000121178068
- Source of number or code: isni
024 7# - OTHER STANDARD IDENTIFIER
- Standard number or code: Q336151
- Source of number or code: wikidata
024 7# - OTHER STANDARD IDENTIFIER
- Standard number or code: 2468135
- Source of number or code: viaf
035 ## - SYSTEM CONTROL NUMBER
- System control number: (OCoLC)oca00224967
040 ## - CATALOGING SOURCE
- Original cataloging agency: DLC
- Language of cataloging: eng
- Description conventions: rda
- Transcribing agency: DLC
- Modifying agency: DLC
- Modifying agency: OCoLC
- Modifying agency: IEN
- Modifying agency: DLC
- Modifying agency: WaU
- Modifying agency: NNU
- Modifying agency: OCoLC
046 ## - SPECIAL CODED DATES
- Birth date: 1912-05-27
- Death date: 1982-06-18
- Source of date scheme: edtf
053 #0 - LC CLASSIFICATION NUMBER
- Classification number element--single number or beginning number of span: PS3505.H6428
100 1# - HEADING--PERSONAL NAME
- Personal name: Cheever, John
368 ## - OTHER ATTRIBUTES OF PERSON OR CORPORATE BODY
- Other designation: Americans
- Source: lcdgt
368 ## - OTHER ATTRIBUTES OF PERSON OR CORPORATE BODY
- Other designation: New Yorker (New York, N.Y. : 1925)
- Source: naf
- Start period: 1931
- End period: 1981
370 ## - ASSOCIATED PLACE
- Place of birth: Quincy (Mass.)
- Place of death: Ossining (N.Y.)
- Associated country: United States
- Source of term: naf
372 ## - FIELD OF ACTIVITY
- Field of activity: Short stories
- Field of activity: Novels
- Source of term: lcgft
374 ## - OCCUPATION
- Occupation: Short story writer
- Source of term: wikidata
374 ## - OCCUPATION
- Occupation: Novelists
- Occupation: Writers
- Source of term: lcdgt
377 ## - ASSOCIATED LANGUAGE
- Language code: eng
378 ## - FULLER FORM OF PERSONAL NAME
- Fuller form of personal name: John William
400 1# - SEE FROM TRACING--PERSONAL NAME
- Personal name: Chiver, Dzhon
670 ## - SOURCE DATA FOUND
- Source citation: His The way some ... 1943.
670 ## - SOURCE DATA FOUND
- Source citation: His The enormous radio, c1983:
- Information found: t.p. (John Cheever) p. 30 (1912-1982)
670 ## - SOURCE DATA FOUND
- Source citation: Info. converted from 678, 2012-10-02
- Information found: (b. 1912)
670 ## - SOURCE DATA FOUND
- Source citation: Wikipedia, March 16, 2018
- Information found: (John Cheever; John William Cheever (May 27, 1912-June 18, 1982) was an American novelist and short story writer; born Quincy, Massachusetts; died Ossining, New York)
670 ## - SOURCE DATA FOUND
- Source citation: New York times online archive, 28 Oct. 2021:
- Information found: in an obituary published June 19, 1982 on page 1 (John Cheever, born May 27, 1912 in Quincy, Mass., died yesterday [June 18] in Ossining, N.Y., aged 70; his poised, elegant prose established him as one of America's finest storytellers; focusing on his decorous style and his characters' privileged lives, critics tended at first to regard Mr. Cheever as an urbane, graceful ''New Yorker writer'' - perhaps the quintessential New Yorker writer, but a social realist somewhat like John O'Hara, nonetheless)



